Поземлената собственост в българските земи през ХIХ в (Запис номер 158611)
[ съкратено ]
| 000 -Лидер | |
|---|---|
| Контролно поле с фиксирана дължина | nam a22 a 4500 |
| 003 - Код на организацията, давaща контролен номер | |
| Контролно поле | BLK |
| 005 - Дата и час на последна редакция | |
| Контролно поле | 20220709092814.0 |
| 008 - Елементи от данни с фиксирана дължина | |
| fixed length control field | 180410b bul|||||r ||||||| ||bul|| |
| 010 ## - Наследен системен номер | |
| LC control number | KNG00165667000 |
| 040 ## - Източник на каталожния запис | |
| Идентификатор на билиотеката - собственик на записа | BLK |
| 041 ## - Код за език | |
| Код за езика на текст/звукозапис или на отделно заглавие | Български |
| Код за езика КДБФ | Български |
| 080 ## - УДК | |
| Текстов определител УДК | Селското стопанство като стопански отрасъл. Икономика на селското стопанство |
| УДК код - определител по УДК | 338.43 |
| УДК определител | (09) |
| УДК - код + определител | 338.43(09) |
| 080 ## - УДК | |
| Текстов определител УДК | Период на феодализма в българските земи (VII век -I пол. на XVIII век) |
| УДК код - определител по УДК | 94(497.2)"06/17" |
| УДК - код + определител | 94(497.2)"06/17" |
| 100 1# - Редна дума - Автор | |
| Автор | Милкова, Фани Ганева |
| Авторска отговорност | първи автор |
| R(LIN) | 334170 |
| 139 ## - Редно поле | |
| Редна дума | Милкова, Фани Ганева |
| Авторски знак | Милк - М 60 |
| 245 10 - Сведения за заглавието | |
| Заглавие | Поземлената собственост в българските земи през ХIХ в |
| Подзаглавни данни | Моногр. |
| Редно поле (дума) | Фани Ганева Милкова. |
| 257 ## - Страна на издаване | |
| Страна на създаване/издаване | България |
| 260 ## - Област на издателските данни | |
| Място на издаване, разпространение и проч. | София |
| Име на издателя, разпространителя и проч. | Наука и изкуство |
| Година на издаване | 1970 |
| Печатница | В. Търново : Д. Найденов |
| 300 ## - Физическа характеристика | |
| Страници | 259 с. |
| Илюстрации и др. | с ил., 10 л. факс. |
| Размери/Мащаб | 22 см |
| 380 ## - Жанр | |
| Жанр | Обществени науки |
| 504 ## - Забележка за наличие на библиография и др | |
| Забележка за наличие на библиография и под. | Библиогр. с. 243-249 и под линия |
| 520 ## - Забележка за наличие на резюме, анотация и т.н | |
| Анотация, рецензия, сканиран текст | Рез. на фр. ез. |
| 650 #4 - Допълнително описание по предмет – тема | |
| Основно описание – тема или топоним | Поземлена собственост - България |
| 9 (RLIN) | 250843 |
| 653 ## - Ключова дума – ненормативна | |
| Ключова дума | поземлена собственост |
| 852 ## - Местоположение | |
| Форматна сигнатура | Цб 54528 |
| Фондова буква | Хранилище |
| 856 4# - Електронен адрес и достъп | |
| Електронен формат | pdf - файл |
| 856 4# - Електронен адрес и достъп | |
| Електронен формат | pdf - файл |
| 999 ## - СИСТЕМНИ КОНТРОЛНИ НОМЕРА | |
| Koha biblionumber | 158611 |
| Koha biblioitemnumber | 158611 |
| 942 ## - АРТИКУЛИ | |
| Вид на библиотечния материал | Книги |
| Скрит в OPAC | Не |
| Периодичен библиозапис | Да |
| 944 ## - СЪЗДАВАНЕ И РЕДАКЦИЯ на ЗАПИСА | |
| Създаване/Редакция | Създаване |
| Дата на регистрацията/редакция | 04.10.2014 |
| Статус, дата на статуса | 04.10.2014 - от С1,Р / 04.10.2014 |
| Служител, извършил регистрацията/редакцията | Кина_Георгиева |
| 944 ## - СЪЗДАВАНЕ И РЕДАКЦИЯ на ЗАПИСА | |
| Създаване/Редакция | Редакция |
| Дата на регистрацията/редакция | 04.10.2014 |
| Статус, дата на статуса | 04.10.2014 - от С1,Р / 04.10.2014 |
| Код за отписване | Код за изгубен артикул | Източник на класификационната схема | Код за повреда | Коз за рестрикции | Код за отдаване | Артикулен № | Име на библиотеката - собственик | Име на библиотеката, в която се намира в момента | Статус (Текущо местоположение) | Дата на вписване в системата | Местоположение - отдел | Цена в лева | Инвентарен номер | Систематично азбучна сигнатура | Баркод | Номер на екземпляра | Цена в евро | Служебна бележка | Служебен тип на артикула |
|---|---|---|---|---|---|---|---|---|---|---|---|---|---|---|---|---|---|---|---|
| Не е изгубен | Universal Decimal Classification | Не е повреден | само за читалня | ползва се в читалня | 265193 | Регионална библиотека "Любен Каравелов" Русе | Регионална библиотека "Любен Каравелов" Русе | Хранилище | 1970-01-01 | Хранилище | 1.89 | 78817 | Цб 54528 | 120000078817 | 1 | 0.97 | Дата: 01.01.1970 | Книги | |
| Изтеглен | Не е изгубен | Universal Decimal Classification | Не е повреден | без рестрикции | заемане за дома | 265194 | Регионална библиотека "Любен Каравелов" Русе | Регионална библиотека "Любен Каравелов" Русе | Заемна - подръчен фонд | 1970-01-01 | Заемна - подръчен фонд | 1.89 | 353405 | П 338.4/М 60 | 353405 | 2 | 0.97 | Дата: 01.01.1970 Дата инв: 05.02.2018 Бележки инв: П2018 | Книги |